A pista do tesouro (Record no. 44690)

MARC details
000 -Etiqueta do registo
Valores 00643cam a2200205 04500
100 ## - Dados gerais de processamento
Dados gerais 19750201d1975 em y0pory50030103ba
101 0# - Língua de publicação
Língua por
102 ## - País de publicação
País PT
200 1# - Titulo e menção de responsabilidade
Título próprio A pista do tesouro
Primeira menção de responsabilidade Adolfo Simões Müller
Outras menções de responsabilidade il. Fernando Bento
Informação de outro título Baden-Powell e o Escutismo
210 #9 - Publicação
Local de publicação Porto
Nome do editor Livraria Tavares Martins,
Data de publicação 1975
215 ## - Descrição física 
Paginação / Volumes 159, [3] p.
Outras indicações físicas il.
Dimensões 22 cm
225 2# - Colecção 
Título próprio da colecção Gente grande para gente pequena
Indicação de volume 14
317 ## - Nota de proveniência
Texto da nota Biblioteca Matilde Rosa Araújo
675 ## - CDU
Notação 92
Edição med
Língua por
700 #1 - Autor principal
Apelido Müller,
Nome Adolfo Simões,
Datas 1909-1989
702 #1 - Autor secundário
Apelido Bento,
Nome Fernando,
Datas 1910-1996
Função 440
801 #0 - Fonte de origem
País PT
Agência BN
Regras de catalogação RPC
990 ## - Elementos KOHA
Tipo de documento Livro
Holdings
Aquisição Empréstimo Código de barras Cota Permissão de empréstimo Tipo de documento Nota relativa ao exemplar
Biblioteca Municipal de Redondo Biblioteca Municipal de Redondo 054554 82-93 MUL   Livro  
Biblioteca Municipal de Redondo Biblioteca Municipal de Redondo 054555 82-93 MUL   Livro depósito

Powered by Koha